000 00293nam a22001337a 4500
008 210430b ||||| |||| 00| 0 eng d
041 _aeng
080 _a038
082 _a038
100 _a23
101 _aFJA
245 _a New Collegiate Dictionary
_cMerriam Webster
942 _2udc
_cBK
999 _c57065
_d57065